Panorama internacional. Más sobre posibles reformas fiscales (Registro nro. 12985)

Detalles MARC
000 -LEADER
fixed length control field 00340 a2200109 4500
001 - CONTROL NUMBER
control field ART_7610
005 - DATE AND TIME OF LATEST TRANSACTION
control field 20260410161637.0
008 - FIXED-LENGTH DATA ELEMENTS--GENERAL INFORMATION
fixed length control field 260409a
100 1# - MAIN ENTRY--PERSONAL NAME
Personal name Edelstein, Andrés M.
245 10 - TITLE STATEMENT
Title Panorama internacional. Más sobre posibles reformas fiscales
773 0# - HOST ITEM ENTRY
Title Consultor tributario
Related parts - Nº 4 (jun. 2007)
Record control number REV474

No hay ítems disponibles.